Helsingin kaupunginosat - Statistics

Yleistilastot
  • Tätä visaa on pelattu 345 kertaa
  • Keskiarvotulos 22 / 61
Vastaustilastot
Helsingin kaupunginosa % Oikein
Kallio
77%
Pasila
74%
Kamppi
72%
Eira
71%
Vuosaari
66%
Lauttasaari
64%
Malmi
63%
Herttoniemi
61%
Punavuori
59%
Sörnäinen
57%
Haaga
56%
Etu-Töölö
54%
Taka-Töölö
53%
Ullanlinna
53%
Katajanokka
52%
Käpylä
51%
Oulunkylä
49%
Töölä
49%
Kulosaari
48%
Vallila
48%
Alppiharju
46%
Meilahti
46%
Suomenlinna
45%
Mellunmäki
44%
Munkkiniemi
43%
Kruununhaka
42%
Viikki
40%
Kluuvi
39%
Kalasatama
37%
Laajasalo
36%
Pakila
36%
Kaartinkaupunki
34%
Mustikkamaa - Korkeasaari
34%
Kaivopuisto
32%
Ruskeasuo
32%
Pukinmäki
31%
Kumpula
29%
Pitäjänmäki
29%
Konala
27%
Santahamina
25%
Hermanni
24%
Koskela
21%
Vartiokylä
21%
Vanhakaupunki
20%
Laakso
19%
Länsisatama
19%
Östersundom
17%
Karhusaari
16%
Suutarila
16%
Toukola
16%
Kaarela
15%
Ulkosaaret
15%
Tapaninkylä
14%
Tammisalo
12%
Suurmetsä
10%
Vartiosaari
10%
Tuomarinkylä
9%
Talosaari
6%
Ultuna
6%
Villinki
6%
Salmenkallio
3%
Ehtoja vastaavia visoja ei löytynyt
Tulosjakauma
Jokaisen tuloksen saaneiden osuus
Persentiili vastausten määrän mukaan
Tuloshistoriasi
Et ole pelannut tätä visaa